Mil años de poesía peruana / (Record no. 1473)

000 -CABECERA
fixed length control field 00755nam a22002177a 4500
003 - IDENTIFICADOR DEL NÚMERO DE CONTROL
control field AR-CdUCM
008 - DATOS DE LONGITUD FIJA--INFORMACIÓN GENERAL
fixed length control field 190227b ||||| |||| 00| 0 spa d
040 ## - FUENTE DE LA CATALOGACIÓN
Agencia/entidad que catalogó originalmente la obra MUNICIPALIDAD PROVINCIAL DEL CUSCO
Entidad que transcribió la catalogación BIBLIOTECA MUNICIPAL DEL CUSCO
082 ## - NÚMERO DE LA CLASIFICACIÓN DECIMAL DEWEY
No. de Clasificación 869.567 /
Notacion interna SA18
100 ## - ENTRADA PRINCIPAL--NOMBRE DE PERSONA
Nombre Personal Salazar Bondy, Sebastìan
245 ## - MENCIÓN DE TÍTULO
Título Mil años de poesía peruana /
260 ## - PUBLICACIÓN, DISTRIBUCIÓN, ETC.
Lugar de publicación, distribución, etc. Lima :
Nombre de la editorial, distribuidor, etc. Populibros Peruanos S.A,
300 ## - DESCRIPCIÓN FÍSICA
Nº de Páginas Extensión 142 páginas ;
Dimensiones 17 cm.
440 ## - MENCIÓN DE SERIE/PUNTO DE ACCESO ADICIONAL--TÍTULO
Título Populibros peruanos
9 (RLIN) 5597
505 ## - NOTA DE CONTENIDO CON FORMATO
Nota de contenido formateada Poesía quechua -- Poesía de la conquista y la colonia -- Poesía pre-romántica y romántica -- poesía modernista ...
650 ## - PUNTO DE ACCESO ADICIONAL DE MATERIA--TÉRMINO DE MATERIA
Descriptor Poesía.
9 (RLIN) 139
650 ## - PUNTO DE ACCESO ADICIONAL DE MATERIA--TÉRMINO DE MATERIA
Descriptor Perú.
9 (RLIN) 35
650 ## - PUNTO DE ACCESO ADICIONAL DE MATERIA--TÉRMINO DE MATERIA
Descriptor Quechua.
9 (RLIN) 2063
942 ## - ELEMENTOS DE PUNTO DE ACCESO ADICIONAL (KOHA)
Fuente de clasificación
Tipo de item Libros-BMC
945 ## - PROCESAMIENTO DE INFORMACIÓN LOCAL (OCLC)
Catalogador pjha
AAAA-MM-DD - Fecha de ingreso o modificacion 2019-05-02
Holdings
Estado de retiro (separado) Fuente de clasificación o esquema de estanterías Estado dañado Ubicación Sala donde se ubica Nombre de la colección Fecha de adquisición o compra Costo, precio normal en soles Signatura topográfica Código de Barras Última vez visto (Koha) Tipo de ítem (Koha)
No     Sala Humanidades Sala Humanidades Book Cart 2019-02-27 5.00 869.567 / SA18 SH0000001655 2019-02-27 Libros-BMC
No     Sala Humanidades Sala Humanidades Book Cart 2019-03-13 5.00 869.567 / SA18 /e.2 SH0000006467 2019-03-13 Libros-BMC
No     Sala Humanidades Sala Humanidades Book Cart 2019-05-02 30.00 869.567 / SA18 / e.3 SH0000011371 2019-05-02 Libros-BMC
No     Sala Humanidades Sala Humanidades Book Cart 2019-05-02 30.00 869.567 / SA18 / e.4 SH0000011596 2019-05-03 Libros-BMC

Powered by Koha